Kraje České republiky - náhlá smrt - Statistics

General Stats
  • This quiz has been taken 53 times
  • The average score is 12 of 14
Answers on the Grid
Answers color-coded by a green-red scale on the quiz's grid according to % correct below.
BRNO
DĚČÍNSKÝ
HLAVNÍ MĚSTO PRAHA
JIHLAVSKÝ
JIHOČESKÝ
JIHOMORAVSKÝ
KARLOVARSKÝ
KRÁLOVÉHRADECKÝ
KRKONOŠSKÝ
KUTNOHORSKÝ
LIBERECKÝ
MORAVSKOSLEZSKÝ
MORAVSKÝ
NITRANSKÝ
OLOMOUCKÝ
OSTRAVSKÝ
PARDUBICKÝ
PLZEŇSKÝ
SLEZSKÝ
STŘEDOČESKÝ
SUDETSKÝ
ŠUMAVSKÝ
ÚSTECKÝ
VÝCHODOČESKÝ
VYSOČINA
ZÁPADOČESKÝ
ZLÍNSKÝ
ZNOJEMSKÝ
 
Answer Stats
Answer % Correct
PARDUBICKÝ
97%
JIHOČESKÝ
91%
JIHOMORAVSKÝ
91%
KRÁLOVÉHRADECKÝ
91%
LIBERECKÝ
91%
VYSOČINA
91%
KARLOVARSKÝ
88%
HLAVNÍ MĚSTO PRAHA
85%
MORAVSKOSLEZSKÝ
85%
OLOMOUCKÝ
85%
STŘEDOČESKÝ
85%
ZLÍNSKÝ
85%
PLZEŇSKÝ
79%
ÚSTECKÝ
76%
No matching quizzes found
Score Distribution
Percent of People with Each Score
Percentile by Number Answered
Your Score History
You have not taken this quiz